| 000 | 00382cam a22001337a 4500 | ||
|---|---|---|---|
| 008 | 180718b1993 xxu||||| |||| 00| 0 eng d | ||
| 082 | _aLx5453 | ||
| 100 | _aKerala. Resources Commission | ||
| 245 | _aReport of the Resources Commission | ||
| 260 |
_aTrivandrum _bThe author _c1993 |
||
| 300 | _a308+p. | ||
| 500 | _aChairman: V. Ramachandran | ||
| 700 | _aRamachandran, V. (Chairman) | ||
| 999 |
_c489380 _d489380 |
||